000 00741nam a22002177a 4500
003 UA-OsUOA
001 120704
007 ta
008 20170209b un ||||| |||| 00| 0 ukr d
100 _aГолик О.
090 _a82
_bГ60
942 _cSA
040 _aUA-OsUOA
_bukr
_cUA-OsUOA
_dUA-OsUOA
245 _aГлибока прірва душі. Роман В. Підмогильного "Місто". Зображення "Цілісної" людини в єдності біологічного, духовного, соціального
300 _aС.45-50
955 _a0
041 _aukr
080 _a82
773 0 _w120699
650 7 _a82 Література. Літературознавство
_2UDC
999 _c406714
_d406714